000 00680nam a2200289Ia 4500
005 20260324130627.0
008 008 260324s9999 xx 000 0 eng d
020 _a9780203063095
037 _aEBOOK
040 _aCRL
040 _beng
040 _cCRL
041 _2eng
041 _aeng
084 _qCRL
100 _aCarol A. Mullen
245 0 _aCurriculum Leadership Development
245 2 _bA Guide for Aspiring School Leaders
260 _bTaylor and Francis
260 _c2007
365 _a
365 _b300
856 _uhttp://www.taylorfrancis.com/books/9780203063095
942 _cEBOOK
999 _c1778823
_d1778823